Sports Quiz

Random Sports Quiz
Score 0/28 Timer 15:00
0 Plays Today
Team Player % Correct
Cleveland CavaliersLeBron James
96.2%
Los Angeles ClippersChris Paul
96.2%
Miami HeatLeBron James
96.2%
Memphis GrizzliesTony Allen
88.5%
Minnesota TimberwolvesKevin Garnett
88.5%
New Orleans PelicansAnthony Davis
88.5%
Golden State WarriorsDraymond Green
84.6%
Orlando MagicDwight Howard
84.6%
Charlotte HornetsGerald Wallace
80.8%
Detroit PistonsBen Wallace
80.8%
San Antonio SpursKawhi Leonard
80.8%
Chicago BullsJoakim Noah
73.1%
Los Angeles LakersKobe Bryant
73.1%
Brooklyn NetsJason Kidd
65.4%
Team Player % Correct
New York KnicksTyson Chandler
65.4%
Oklahoma City ThunderSerge Ibaka
65.4%
Atlanta HawksDikembe Mutombo
61.5%
Utah JazzRudy Gobert
61.5%
Denver NuggetsMarcus Camby
57.7%
Boston CelticsAvery Bradley
42.3%
Sacramento KingsRon Artest
38.5%
Indiana PacersVictor Oladipo
34.6%
Portland Trail BlazersBuck Williams
34.6%
Philadelphia 76ersRobert Covington
30.8%
Phoenix SunsRaja Bell
30.8%
Houston RocketsPatrick Beverley
26.9%
Milwaukee BucksAlvin Robertson
19.2%
Washington WizardsLarry Hughes
7.7%
Remove Ads.
Support Sporcle.
Get the best of Sporcle when you Go Orange. This ad-free experience offers more features, more stats, and more fun while also helping to support Sporcle. Thank you for becoming a member.

You're not logged in!

Compare scores with friends on all Sporcle quizzes.
OR
Log In

Show Comments

Extras

Created Dec 19, 2018ReportNominate
Tags:1st Team, Defensive, last, Player, team

Top Quizzes Today


Score Distribution

Your Account Isn't Verified!

In order to create a playlist on Sporcle, you need to verify the email address you used during registration. Go to your Sporcle Settings to finish the process.

Report this User

Report this user for behavior that violates our Community Guidelines.

Details: